|
003 -Nazwa inst., której nr kontr. jest w polu 001 [,]
|
-
- @
- Nazwa instytucji, której n kontrolny jest w polu 001
- NUKAT
|
|
005 -DATA I CZAS OSTATNIEJ MODYFIKACJI [,]
|
-
- @
- pole kontrolne
- 20241231101723.0
|
|
020 -Międzynarod. znormalizowany nr książki - ISBN [ , ]
|
-
- a
- Numer ISBN
- 9788365929679
|
|
040 -Instytucja sporządzająca opis [ , ]
|
-
- a
- Instytucja, która sporządziła opis (NP)
- SZCZ ZUT/MG
-
- b
- Język katalogowania
- pol
-
- e
- Zasady katalogowania
- rda
-
- c
- Instytucja, która sporządziła rekord (NP)
- SZCZ ZUT/MG
-
- d
- Instytucja, która zmodyfikowała rekord (P)
- WA 72/OMK
|
|
041 -Język dokumentu [0, ]
|
-
- a
- Język tekstu (P)
- polski
-
- b
- Język streszczeń lub abstraktu (P)
- angielski
|
|
942 -Rodzaj dokumentu [ , ]
|
-
- c
- Rodzaj dokumentu
- Książka
|
|
245 -Strefa tytułu i oznaczenia odpowiedzialności [1,0]
|
-
- a
- Tytuł
- Wpływ regulacji unijnych na funkcjonowanie polskiego rynku motoryzacyjnego :
-
- b
- Ciąg dalszy tytułu (NP)
- ocena skutków ekonomicznych i organizacyjnych zmian w skali mikro, marko = The influence of union regulations on the functioning of the Polish automotive market : assassment of the economic and organizational effects of changes on the micro, marco scale : monografia naukowa /
-
- c
- Pozostałe elementy strefy tytułu i oznaczenia odpowiedzialności (NP)
- [Wojciech Lewicki].
|
|
246 -Wariant tytułu [3,1]
|
-
- a
- Tytuł (NP)
- Influence of union regulations on the functioning of the Polish automotive market :
-
- b
- Ciąg dalszy tytułu (NP)
- assassment of the economic and organizational effects of changes on the micro, marco scale
|
|
246 -Wariant tytułu [3, ]
|
-
- a
- Tytuł (NP)
- Wpływ regulacji unijnych na funkcjonowanie polskiego rynku motoryzacyjnego :
-
- b
- Ciąg dalszy tytułu (NP)
- ocena skutków ekonomicznych i organizacyjnych zmian w skali mikro, makro
|
|
260 -Strefa adresu wydawniczego [ , ]
|
-
- a
- Miejsce wydania (P)
- Katowice :
-
- b
- Nazwa wydawcy (P)
- Wydawnictwo Naukowe Sophia,
-
|